• 首页
  • 本馆介绍
  • 公告通知
  • 最新文献
  • 馆藏检索
  • 电子资源
  • 读者导购
  • 参考咨询
  • 我的图书馆
  • 登录
  • 详细信息显示
  • 放入我的书架
  • 预约/预借图书
  • 作者相关作品
  • 分类相关作品
  • 丛书相关作品
  • 出版社相关作品

书目信息

  • 表格格式
  • 工作单格式
  • 卡片格式
书名: The atmosphere : an introduction to meteorology
作者: Frederick K. Lutgens, Edward J. Tarbuck.
分册号:
分册名:
出版地: New Jersey :
 
出版社: Prentice Hall
出版时间: c1992.
页数: 430 p. ;
开本: 20cm.
丛书名:
中图分类号:
科图分类号:
其他分类号: P427
主题词:
电子资源:
000 00456nam 2200157 a 4500
001 E0762611360
005 20070514172623.34
008 070514s1992 00010 eng
020    @a0-13-051475-6.
040    @aPFT@beng
090    @aP427
099    @dP427@ex45=5
245 1  @aThe atmosphere : an introduction to meteorology / @cFrederick K. Lutgens, Edward J. Tarbuck.
250    @a5th ed.
260    @aNew Jersey :@bPrentice Hall,@cc1992.
300    @a430 p. ;@c20cm.
    
    The atmosphere : an introduction to meteorology / / Frederick K. Lutgens, Edward J. Tarbuck.-5th ed.-New Jersey : : Prentice Hall, , c1992.
    430 p. ; ; 20cm.
    
    
    ISBN 0-13-051475-6.
    
●
相关链接 在E读中查询图书 在五车中查询图书 在当当中查询图书 在豆瓣中查询图书


正题名:The atmosphere : an introduction to meteorology     索取号:P427/x45=5         预约/预借

序号 登录号 条形码 馆藏地/架位号 状态 备注
1 9261   300092619   第二样本阅览室/ [索取号:P427/x45=5] 在馆    
2 9262   300092628   第四借阅区/ [索取号:P427/x45=5] 在馆    
3 9263   300092637   第四借阅区/ [索取号:P427/x45=5] 在馆    
4 9264   300092646   第四借阅区/ [索取号:P427/x45=5] 在馆    
唐山师范学院图书馆 欢迎您!
大连网信软件有限公司© 版权所有